[Event "Tournoi Skype 012A"]
[Site "Skype"]
[Date "????.??.??"]
[Round "1.1"]
[White "Mahapatra, Durgaprasad"]
[Black "Engstrom, Olle"]
[Result "1-0"]
[WhiteElo "2100"]
[BlackElo "1600"]
[PlyCount "45"]

1. e4 c5 2. Nc3 Nc6 3. f4 g6 4. Nf3 Bg7 5. Bb5 Nd4 6. a4 a6 7. Bd3 d6 8. Nxd4
cxd4 9. Ne2 e6 10. O-O Ne7 11. Qe1 Nc6 12. Qf2 O-O 13. b3 Qb6 14. Bb2 Rd8 15.
h4 h5 16. f5 e5 17. fxg6 fxg6 18. Qf7+ Kh7 19. Rf6 Bg4 20. Raf1 Bxe2 21. Rxg6
Rg8 22. Rff6 Kh8 23. Rh6+ 1-0

[Event "Tournoi Skype 012A"]
[Site "Skype"]
[Date "????.??.??"]
[Round "1.2"]
[White "Kumar Pradhan, Prachurya"]
[Black "Hervais, Adrien"]
[Result "1/2-1/2"]
[WhiteElo "1589"]
[BlackElo "2074"]
[PlyCount "130"]

1. e4 e5 2. Nf3 Nf6 3. Nxe5 d6 4. Nf3 Nxe4 5. d4 d5 6. Bd3 Nc6 7. O-O Bg4 8. c3
Be7 9. Bf4 O-O 10. Nbd2 f5 11. Qb3 Rb8 12. Rae1 Kh8 13. h3 Bh5 14. Qc2 Bd6 15.
Ne5 Qh4 16. Bh2 g5 17. Ndf3 Bxf3 18. Nxf3 Qh5 19. Bxd6 cxd6 20. Be2 Qg6 21. Bd3
Rg8 22. Nh2 Rbe8 23. Re3 Re6 24. Rfe1 Rge8 25. Nf1 Qf7 26. f3 f4 27. R3e2 Nf6
28. Rxe6 Rxe6 29. Rxe6 Qxe6 30. Bf5 Qe1 31. Qf2 Qe7 32. Nd2 Nh5 33. Nf1 Ng7 34.
Qc2 h5 35. Bd3 Qe6 36. Qe2 Qxe2 37. Bxe2 Nf5 38. Bd3 Nce7 39. Bxf5 Nxf5 40. Kf2
Kg7 41. g3 Kf6 42. g4 Ng7 43. Nd2 hxg4 44. hxg4 Ke6 45. Nb3 b6 46. Nc1 Ne8 47.
Nd3 Nc7 48. Nb4 Kd7 49. Nc2 Kc6 50. Nb4+ Kb7 51. Nd3 a5 52. Nc1 b5 53. Nb3 Kb6
54. Ke2 Ne6 55. Nc1 b4 56. Kd2 Kb5 57. Nd3 Ka4 58. Nf2 Kb5 59. Kd3 a4 60. Nh3
bxc3 61. Kxc3 Ka5 62. Nf2 Kb5 63. Nd3 Nc7 64. Nf2 Ne6 65. Nd3 Nc7 1/2-1/2

[Event "Tournoi Skype 012A"]
[Site "Skype"]
[Date "????.??.??"]
[Round "1.3"]
[White "Auger, Bertrand"]
[Black "Patra Kumar, Subhendu"]
[Result "1/2-1/2"]
[WhiteElo "2055"]
[BlackElo "1579"]
[PlyCount "93"]

1. Nf3 c5 2. g3 b6 3. Bg2 Bb7 4. O-O Nf6 5. c4 Nc6 6. Nc3 Nd4 7. Re1 Nxf3+ 8.
exf3 e6 9. d4 cxd4 10. Nb5 Be7 11. Qxd4 O-O 12. Nd6 Bc6 13. Bf4 Ne8 14. Rad1
Nxd6 15. Bxd6 Bxd6 16. Qxd6 Rc8 17. b3 Qc7 18. Qxc7 Rxc7 19. Rd6 Rd8 20. Red1
Kf8 21. f4 Bxg2 22. Kxg2 Ke7 23. Kf3 f5 24. Ke3 h6 25. h4 h5 26. R1d3 Rc6 27.
R6d4 Rc5 28. Rd6 Rc6 29. R6d4 Rc5 30. b4 Rc6 31. Kd2 d6 32. a4 Rd7 33. Kc2 d5
34. Rd2 Rxc4+ 35. Rxc4 dxc4 36. Rxd7+ Kxd7 37. Kc3 Kc6 38. Kxc4 a6 39. b5+
axb5+ 40. axb5+ Kd6 41. Kd4 Ke7 42. Kc4 Kf7 43. Kd3 Kf6 44. Kd4 Ke7 45. Kc4 Kd7
46. Kc3 Kc7 47. Kc4 1/2-1/2

[Event "Tournoi Skype 012A"]
[Site "Skype"]
[Date "????.??.??"]
[Round "1.4"]
[White "Dubois, Real"]
[Black "Ayotte, Jocelyn"]
[Result "0-1"]
[WhiteElo "1560"]
[BlackElo "2037"]
[PlyCount "28"]

1. d4 d5 2. e3 Nf6 3. Bd3 c5 4. Bb5+ Nc6 5. Ne2 Bf5 6. c3 e6 7. O-O Bd6 8. dxc5
Bxh2+ 9. Kh1 Ng4 10. Nd4 Qh4 11. Nf3 Qh5 12. g3 Be4 13. Kg2 Bg1 14. Nbd2 Qh2#
0-1

[Event "Tournoi Skype 012A"]
[Site "Skype"]
[Date "????.??.??"]
[Round "1.5"]
[White "Deville, Olivier"]
[Black "Mishra, Om"]
[Result "0-1"]
[WhiteElo "1958"]
[BlackElo "1560"]
[PlyCount "50"]

1. Nf3 Nf6 2. c4 c5 3. Nc3 Nc6 4. g3 d6 5. d4 cxd4 6. Nxd4 Bd7 7. Bg2 Rc8 8.
O-O g6 9. Nc2 Bg7 10. e4 Ne5 11. b3 Bc6 12. Bb2 Ned7 13. Ne3 Nxe4 14. Qc2 Nxc3
15. Bxc3 Bxc3 16. Qxc3 O-O 17. Qd4 Bxg2 18. Kxg2 Qb6 19. Rad1 Qc6+ 20. Kg1 Ne5
21. Qd5 Qb6 22. Qe4 e6 23. Rd2 f5 24. Qg2 f4 25. c5 Rxc5 0-1

[Event "Tournoi Skype 012A"]
[Site "Skype"]
[Date "????.??.??"]
[Round "1.6"]
[White "Fouquereau, Andre"]
[Black "Lambert, Pierre"]
[Result "0-1"]
[WhiteElo "1557"]
[BlackElo "1938"]
[PlyCount "82"]

1. e4 c5 2. Nc3 d6 3. Nf3 g6 4. d4 cxd4 5. Nxd4 Bg7 6. Be3 Nc6 7. Bb5 Bd7 8.
O-O Nf6 9. Nxc6 bxc6 10. Be2 O-O 11. Qc1 Qc7 12. Bh6 Rab8 13. Bxg7 Kxg7 14. b3
Qa5 15. Qe3 Rfc8 16. f4 Bg4 17. Bf3 h5 18. Kh1 Bxf3 19. Qxf3 Qc5 20. h3 Rh8 21.
e5 dxe5 22. fxe5 Qxe5 23. Rae1 Qd6 24. Ne4 Nxe4 25. Qxf7+ Kh6 26. Rxe4 Rbf8 27.
Qxf8+ Rxf8 28. Rxf8 e5 29. Rf2 Kg7 30. c4 a5 31. Rfe2 Kf6 32. Rxe5 Qxe5 33.
Rxe5 Kxe5 34. Kg1 Kd4 35. Kf2 Kc3 36. Ke3 Kb2 37. Kd3 Kxa2 38. Kc3 c5 39. Kc2
Ka3 40. h4 Ka2 41. g3 Ka3 0-1

[Event "Tournoi Skype 012A"]
[Site "Skype"]
[Date "????.??.??"]
[Round "1.7"]
[White "Rico Hernandez, Edgar"]
[Black "Grimwood, Robert"]
[Result "1-0"]
[WhiteElo "1904"]
[BlackElo "1550"]
[PlyCount "33"]

1. d4 Nf6 2. c4 g6 3. g3 Bg7 4. Bg2 d5 5. cxd5 Nxd5 6. e3 O-O 7. Nc3 Nxc3 8.
bxc3 c5 9. Ne2 cxd4 10. cxd4 e6 11. O-O Nc6 12. Rb1 Qc7 13. Qc2 Rd8 14. Bd2 Rd7
15. Rfc1 Rb8 16. Qb3 h6 17. Bxc6 1-0

[Event "Tournoi Skype 012A"]
[Site "Skype"]
[Date "????.??.??"]
[Round "1.8"]
[White "Mulrooney, Justin"]
[Black "Torres Renjifo, Saulo De Jesus"]
[Result "0-1"]
[WhiteElo "1550"]
[BlackElo "1897"]
[PlyCount "44"]

1. d4 Nf6 2. c4 e6 3. Nc3 Bb4 4. Nf3 b6 5. e3 Bb7 6. Be2 O-O 7. O-O d5 8. a3
Bxc3 9. bxc3 c5 10. cxd5 Qxd5 11. Qc2 Nbd7 12. Rd1 Qd6 13. a4 Be4 14. dxc5 Bxc2
15. Rxd6 Nxc5 16. Rd4 Nb3 17. Ba3 Nxa1 18. Rd2 Rfd8 19. Nd4 e5 20. Bf3 exd4 21.
Bxa8 d3 22. Bf3 Nb3 0-1

[Event "Tournoi Skype 012A"]
[Site "Skype"]
[Date "????.??.??"]
[Round "1.9"]
[White "Hilton, Stephen"]
[Black "Trivedi, Viral"]
[Result "1-0"]
[WhiteElo "1892"]
[BlackElo "1542"]
[PlyCount "67"]

1. d4 e5 2. dxe5 Nc6 3. Nf3 Qe7 4. Nc3 Nxe5 5. Nd5 Nxf3+ 6. gxf3 Qd8 7. Qd4 Nf6
8. Bg5 Be7 9. Nxe7 Qxe7 10. Rg1 h6 11. Bxf6 gxf6 12. O-O-O Qe5 13. e4 Qxh2 14.
Rg3 Qh5 15. Qxf6 Rf8 16. Rd5 Qxd5 17. exd5 d6 18. Bb5+ Bd7 19. Bxd7+ Kxd7 20.
Rg7 Rae8 21. Rxf7+ Rxf7 22. Qxf7+ Kd8 23. Qf6+ Kd7 24. Qxh6 Re1+ 25. Kd2 Re5
26. c4 c6 27. f4 Re7 28. f5 cxd5 29. cxd5 Re5 30. Qg7+ Kc8 31. Qg8+ Kd7 32. f6
Re8 33. f7 Rxg8 34. fxg8=Q 1-0

[Event "Tournoi Skype 012A"]
[Site "Skype"]
[Date "????.??.??"]
[Round "1.10"]
[White "Gieschen, Mike"]
[Black "Plourde, Alain"]
[Result "0-1"]
[WhiteElo "1538"]
[BlackElo "1876"]
[PlyCount "80"]

1. Nf3 d5 2. d4 Nf6 3. c4 c6 4. Nc3 e6 5. Bg5 Nbd7 6. e3 h6 7. Bh4 a6 8. Bd3
dxc4 9. Bxc4 b5 10. Bd3 c5 11. e4 Be7 12. b3 Bb7 13. O-O b4 14. Bxf6 Bxf6 15.
Na4 cxd4 16. e5 Bxf3 17. Qxf3 Nxe5 18. Qe4 Nxd3 19. Qxd3 O-O 20. Nc5 Qd5 21.
Ne4 Be7 22. Rac1 Rfc8 23. f3 f5 24. Rxc8+ Rxc8 25. Qxa6 Rc6 26. Qa8+ Kh7 27.
Nd2 Bg5 28. Nc4 d3 29. Rd1 d2 30. g3 Qd4+ 31. Kf1 Qd3+ 32. Kg2 Qe2+ 33. Kh3
Rxc4 34. bxc4 Qxd1 35. f4 Qg4+ 36. Kg2 Qe2+ 37. Kh3 Qf1+ 38. Qg2 Qxg2+ 39. Kxg2
d1=Q 40. fxg5 Qc2+ 0-1

[Event "Tournoi Skype 012A"]
[Site "Skype"]
[Date "????.??.??"]
[Round "1.11"]
[White "Salazar Ticeran, Antonio"]
[Black "L'Herbon De Lussats, Jean"]
[Result "1-0"]
[WhiteElo "1841"]
[BlackElo "1525"]
[PlyCount "87"]

1. e4 c5 2. Nf3 Nc6 3. Bb5 Qc7 4. Nc3 e5 5. Nd5 Qd6 6. d3 Nf6 7. Ne3 Nd4 8. Bc4
Be7 9. c3 Nc6 10. Ng5 O-O 11. Nf5 Qc7 12. Qf3 d6 13. g4 h6 14. Nh3 Be6 15. g5
Nh7 16. Rg1 Bxc4 17. dxc4 g6 18. Nxh6+ Kg7 19. Qg3 Qd7 20. f3 Qe6 21. b3 a6 22.
Qh4 b5 23. Ng4 Rh8 24. cxb5 axb5 25. Be3 b4 26. c4 Nd4 27. Bxd4 exd4 28. Qg3
Nxg5 29. Nf4 Qd7 30. Ke2 f5 31. Nf2 fxe4 32. Nxe4 Nxe4 33. Qxg6+ Kf8 34. Qg7+
Ke8 35. Qxh8+ Bf8 36. Qh5+ Kd8 37. fxe4 Qc6 38. Kd3 Be7 39. Nd5 Kd7 40. Qf5+
Kd8 41. Rg8+ Qe8 42. Rxe8+ Kxe8 43. Nc7+ Kd8 44. Nxa8 1-0

[Event "Tournoi Skype 012A"]
[Site "Skype"]
[Date "????.??.??"]
[Round "1.13"]
[White "Jacquelin, Norbert"]
[Black "Loyarte, Frederic"]
[Result "1-0"]
[WhiteElo "1807"]
[BlackElo "1519"]
[PlyCount "89"]

1. e4 e5 2. f4 Nc6 3. Nf3 exf4 4. d4 d5 5. e5 Bg4 6. Bb5 Bxf3 7. Qxf3 Qh4+ 8.
Qf2 Qxf2+ 9. Kxf2 g5 10. h4 Bh6 11. hxg5 Bxg5 12. g3 fxg3+ 13. Kxg3 Bxc1 14.
Rxc1 Nh6 15. c3 Rg8+ 16. Kf3 Ke7 17. Bxc6 bxc6 18. Nd2 Nf5 19. Rh1 h6 20. Kf4
Ke6 21. Rh5 Rg2 22. Rf1 Rxd2 23. Rxf5 Rxb2 24. Rf6+ Ke7 25. Rxc6 Kd7 26. Rxh6
Rxa2 27. Ke3 Rf8 28. Rhf6 Ke7 29. e6 Ra6 30. Rxf7+ Rxf7 31. Rxf7+ Kxe6 32. Rxc7
Kd6 33. Rh7 Ra3 34. Kd3 a6 35. Kc2 Kc6 36. Kb2 Ra4 37. Kb3 Rc4 38. Rh6+ Kb5 39.
Rd6 Rc6 40. Rxd5+ Kb6 41. c4 a5 42. Rb5+ Ka6 43. d5 a4+ 44. Kb4 Rc8 45. Ra5+
1-0

[Event "Tournoi Skype 012A"]
[Site "Skype"]
[Date "????.??.??"]
[Round "1.14"]
[White "Malbec, Robert"]
[Black "Brun, Jacques"]
[Result "0-1"]
[WhiteElo "1518"]
[BlackElo "1783"]
[PlyCount "74"]

1. e4 c5 2. Nf3 Nc6 3. d4 cxd4 4. Nxd4 g6 5. Nc3 Bg7 6. Nxc6 bxc6 7. Bc4 Qa5 8.
Bd2 Qb4 9. Qf3 Qxc4 10. b3 Qa6 11. Rb1 Nf6 12. a4 O-O 13. Ne2 d5 14. exd5 cxd5
15. h3 Ne4 16. Rd1 Bb7 17. O-O d4 18. Qd3 Qxd3 19. cxd3 Nxd2 20. Rxd2 a5 21.
Rc2 Ba6 22. Rd1 Rfc8 23. Rxc8+ Rxc8 24. Nf4 e6 25. g3 Be5 26. Ne2 Rc2 27. Nc1
Bb7 28. Re1 Bg7 29. Rf1 Bd5 30. h4 Rb2 31. b4 Rxb4 32. Ne2 Rxa4 33. Rc1 Bf3 34.
Rc8+ Bf8 35. Nc1 Ra1 36. Kh2 Kg7 37. Nb3 Rh1# 0-1

[Event "Tournoi Skype 012A"]
[Site "Skype"]
[Date "????.??.??"]
[Round "1.16"]
[White "Duthoit, Bernard"]
[Black "Murgia, Stefano"]
[Result "0-1"]
[WhiteElo "1506"]
[BlackElo "1714"]
[PlyCount "92"]

1. e4 d6 2. d4 f5 3. Nc3 Nf6 4. e5 dxe5 5. dxe5 Qxd1+ 6. Nxd1 Ng4 7. Nf3 Nc6 8.
Bb5 Bd7 9. Bxc6 Bxc6 10. Bf4 g6 11. h3 Nh6 12. Nc3 O-O-O 13. Rd1 Bg7 14. Rd3
Rxd3 15. cxd3 Rd8 16. Ke2 Nf7 17. Rd1 Bxf3+ 18. Kxf3 Nxe5+ 19. Bxe5 Bxe5 20.
Ke3 Bd4+ 21. Ke2 a6 22. f4 h6 23. g4 fxg4 24. hxg4 Rf8 25. Kf3 e5 26. Ne2 Bxb2
27. Rd2 Bd4 28. Ke4 c5 29. fxe5 Ba1 30. Rc2 b6 31. d4 Re8 32. Rc1 Bb2 33. Rb1
Bxd4 34. Nxd4 cxd4 35. Kxd4 Kc7 36. Rf1 Kd7 37. Rf6 Re6 38. Kd5 Rxf6 39. exf6
h5 40. f7 Ke7 41. f8=Q+ Kxf8 42. g5 h4 43. Ke4 Ke7 44. Kf4 Ke6 45. Kg4 Ke5 46.
Kxh4 Kf5 0-1

[Event "Tournoi Skype 012A"]
[Site "Skype"]
[Date "????.??.??"]
[Round "1.18"]
[White "Ergin, Ahmet"]
[Black "Sharma, Mayank"]
[Result "0-1"]
[WhiteElo "1499"]
[BlackElo "1707"]
[PlyCount "46"]

1. e4 c5 2. d4 cxd4 3. c3 dxc3 4. Nxc3 a6 5. Bc4 e6 6. Nf3 b5 7. Bb3 Bb7 8. Bf4
d6 9. O-O Be7 10. Rc1 Nc6 11. Qe2 Nf6 12. Rfd1 Qb6 13. Bxd6 Bxd6 14. Rxd6 Qc5
15. Nxb5 Qxc1+ 16. Bd1 axb5 17. a3 O-O 18. e5 Nd5 19. g3 Na5 20. h4 Nc4 21. Rd7
Bc6 22. Qc2 Qxc2 23. Bxc2 Bxd7 0-1

[Event "Tournoi Skype 012A"]
[Site "Skype"]
[Date "????.??.??"]
[Round "1.19"]
[White "Parmar, Manoj"]
[Black "Karia, Vijay"]
[Result "1-0"]
[WhiteElo "1689"]
[BlackElo "1499"]
[PlyCount "101"]

1. d4 e5 2. dxe5 Nc6 3. Nf3 Qe7 4. Nc3 Nxe5 5. Nxe5 Qxe5 6. g3 Bb4 7. Bd2 Nf6
8. Bg2 O-O 9. O-O Re8 10. e3 d6 11. a3 Ba5 12. b4 Bb6 13. Na4 Nd5 14. c4 Nf6
15. Bc3 Qf5 16. Nxb6 axb6 17. Qf3 Qg6 18. Bxf6 Qxf6 19. Qxf6 gxf6 20. Rfd1 Bg4
21. Rd4 Bc8 22. Rf4 Kg7 23. a4 Re5 24. Rd4 Ra7 25. Kf1 Bd7 26. b5 Be6 27. Ke2
Bd7 28. Kd3 Bf5+ 29. e4 Bg6 30. g4 Re8 31. f4 h6 32. f5 Bh7 33. Kc3 Rea8 34.
Kb4 Kf8 35. Rd3 Ke7 36. Rh3 Kf8 37. Rxh6 Kg7 38. Rh3 c6 39. Rd3 cxb5 40. cxb5
Rd8 41. Rad1 Rda8 42. Ra1 Rd8 43. a5 Kh6 44. h4 Kg7 45. a6 Kf8 46. Rda3 Ke7 47.
axb7 Rxb7 48. Ra7 Rdd7 49. Rxb7 Rxb7 50. e5 Rb8 51. Ra7+ 1-0

[Event "Tournoi Skype 012A"]
[Site "Skype"]
[Date "????.??.??"]
[Round "1.20"]
[White "Holtz, Steve"]
[Black "Kumar Pradhan, Soundarya"]
[Result "0-1"]
[WhiteElo "1494"]
[BlackElo "1682"]
[PlyCount "70"]

1. e4 e6 2. d4 d5 3. exd5 exd5 4. Nf3 Bd6 5. Nc3 Ne7 6. Bg5 c6 7. Bd3 Bg4 8.
O-O Qc7 9. g3 O-O 10. Bxe7 Qxe7 11. Re1 Qf6 12. Be2 Nd7 13. Nd2 Bf5 14. Bg4 Qg6
15. Bxf5 Qxf5 16. Nf3 Nf6 17. Nh4 Qh3 18. Qf3 Rfe8 19. Nf5 Bb4 20. Ne3 Bxc3 21.
bxc3 b5 22. a4 a6 23. axb5 axb5 24. Rab1 Ne4 25. Rbd1 Nxc3 26. Rd3 Ne4 27. Qd1
Re6 28. Ng4 f5 29. Ne5 c5 30. g4 Qh4 31. Qf3 c4 32. Rde3 Rh6 33. Qxf5 Qxh2+ 34.
Kf1 Rf6 35. Qe6+ Rxe6 0-1

[Event "Tournoi Skype 012A"]
[Site "Skype"]
[Date "????.??.??"]
[Round "1.21"]
[White "Casey, Eamonn"]
[Black "Galani, Mahendra"]
[Result "1-0"]
[WhiteElo "1654"]
[BlackElo "1492"]
[PlyCount "51"]

1. d4 d5 2. c4 e6 3. Nc3 Nf6 4. Nf3 Ne4 5. Nxe4 dxe4 6. Ne5 Bb4+ 7. Bd2 Bd6 8.
Ng4 Nc6 9. Bc3 a6 10. d5 exd5 11. cxd5 Bxg4 12. dxc6 f6 13. cxb7 Rb8 14. Qa4+
Bd7 15. Qxe4+ Be7 16. e3 O-O 17. Bxa6 Qe8 18. Qc4+ Kh8 19. Qxc7 Bc6 20. O-O Be4
21. Bd4 Rf7 22. Qc8 Bc6 23. Qxe8+ Bxe8 24. Ba7 Bd6 25. Bxb8 Bxb8 26. Rac1 1-0

[Event "Tournoi Skype 012A"]
[Site "Skype"]
[Date "????.??.??"]
[Round "1.22"]
[White "Antonic, Nenad"]
[Black "Legueltel, Daniel"]
[Result "0-1"]
[WhiteElo "1489"]
[BlackElo "1653"]
[PlyCount "62"]

1. d4 d5 2. e3 c6 3. Bd3 Nf6 4. Nf3 Bg4 5. Nbd2 Nbd7 6. b3 e6 7. c4 Bb4 8. Bb2
O-O 9. a3 Bxf3 10. gxf3 Be7 11. Qc2 h6 12. O-O-O a5 13. e4 dxc4 14. Nxc4 c5 15.
d5 b5 16. Ne3 c4 17. bxc4 bxc4 18. Nxc4 Rc8 19. dxe6 fxe6 20. Be2 Qc7 21. Rdg1
Nb6 22. Qd2 Nxc4 23. Bxc4 Qxc4+ 24. Kb1 Kh8 25. Rc1 Qa6 26. Rxc8 Rxc8 27. Rg1
Rd8 28. Qc2 Qd3 29. e5 Qxc2+ 30. Kxc2 Nd5 31. Rd1 Nf4 0-1

[Event "Tournoi Skype 012A"]
[Site "Skype"]
[Date "????.??.??"]
[Round "1.23"]
[White "Janssen, Gerard"]
[Black "Talbot, Jacques"]
[Result "1-0"]
[WhiteElo "1652"]
[BlackElo "1454"]
[PlyCount "41"]

1. d4 d5 2. c4 e6 3. Nc3 Nf6 4. Nf3 c6 5. Qc2 Nbd7 6. e4 dxe4 7. Nxe4 Be7 8.
Bd3 O-O 9. O-O Nxe4 10. Bxe4 Nf6 11. Bd3 Re8 12. b3 h6 13. Bb2 Bd6 14. Rad1 Nd7
15. Ne5 Qc7 16. Bh7+ Kf8 17. Qe2 Nxe5 18. dxe5 Be7 19. Qf3 Rd8 20. Bg6 Rxd1 21.
Qxf7# 1-0

[Event "Tournoi Skype 012A"]
[Site "Skype"]
[Date "????.??.??"]
[Round "1.24"]
[White "Hague, Mark"]
[Black "Bourdeau, Yvan"]
[Result "1/2-1/2"]
[WhiteElo "1448"]
[BlackElo "1647"]
[PlyCount "72"]

1. c4 e5 2. g3 Nf6 3. Bg2 d5 4. cxd5 Nxd5 5. Nc3 Nxc3 6. bxc3 c6 7. e3 Bf5 8.
Qb3 Qc8 9. Ba3 Qc7 10. Bxf8 Kxf8 11. d4 exd4 12. cxd4 Qa5+ 13. Ke2 Qa6+ 14. Kd2
Qa5+ 15. Qc3 Qxc3+ 16. Kxc3 Nd7 17. Ne2 Ke7 18. Rhd1 Nf6 19. f3 Rac8 20. e4 Be6
21. a3 b6 22. Rab1 Rc7 23. Rd2 Ne8 24. Rdb2 Nd6 25. Kd3 Nc4 26. Rb4 Nxa3 27.
Ra1 Nb5 28. d5 cxd5 29. Rxb5 dxe4+ 30. Kxe4 Rd8 31. Nd4 Rc4 32. Rd1 Rd7 33. Bf1
Rc3 34. Be2 Ke8 35. Nxe6 fxe6 36. Rxd7 Kxd7 1/2-1/2

[Event "Tournoi Skype 012A"]
[Site "Skype"]
[Date "????.??.??"]
[Round "1.25"]
[White "De Leener, Luc"]
[Black "De Coninck, Philippe"]
[Result "1-0"]
[WhiteElo "1637"]
[BlackElo "1420"]
[PlyCount "49"]

1. e4 e5 2. Nf3 Nc6 3. Bc4 h6 4. O-O Nf6 5. d3 Bc5 6. Be3 Bxe3 7. fxe3 O-O 8.
Nc3 d5 9. exd5 Ne7 10. Nxe5 a6 11. e4 Qd6 12. Nf3 b5 13. Bb3 Bb7 14. e5 Qb6+
15. Kh1 Nfxd5 16. Qe2 Nxc3 17. bxc3 c5 18. Nd2 Qg6 19. Rf2 Rae8 20. Raf1 Bd5
21. Bxd5 Nxd5 22. Ne4 Rxe5 23. Qf3 Rf5 24. Qxf5 Qxf5 25. Rxf5 1-0

[Event "Tournoi Skype 012A"]
[Site "Skype"]
[Date "????.??.??"]
[Round "1.26"]
[White "Khatanhar, Mohit"]
[Black "Le Brun, Yves"]
[Result "1-0"]
[WhiteElo "1420"]
[BlackElo "1628"]
[PlyCount "51"]

1. e4 c5 2. c4 Nc6 3. Nf3 d6 4. d3 e5 5. Ng5 Nf6 6. Be2 h6 7. Nf3 Be7 8. h3 Bd7
9. Be3 a5 10. a4 Rb8 11. b3 Nb4 12. Nbd2 Na6 13. Nh2 Nh5 14. Bxh5 Bg5 15. O-O
O-O 16. f4 Be7 17. f5 Bf6 18. Qg4 Kh8 19. Qg3 Rg8 20. Bxf7 Rf8 21. Bh5 Be8 22.
Qg4 Bg5 23. Rf3 Kh7 24. Raf1 Qf6 25. Bg6+ Kh8 26. Bxg5 1-0

[Event "Tournoi Skype 012A"]
[Site "Skype"]
[Date "????.??.??"]
[Round "1.27"]
[White "Rajpurohit, Dinesh"]
[Black "Belouin, Alexis"]
[Result "1-0"]
[WhiteElo "1626"]
[BlackElo "1402"]
[PlyCount "49"]

1. c4 c5 2. Nf3 d6 3. e4 e5 4. d3 Nf6 5. Be2 Nc6 6. Nc3 Be7 7. Bd2 b6 8. O-O
O-O 9. b3 a5 10. Nd5 Nxd5 11. cxd5 Nd4 12. Nxd4 exd4 13. Bf3 Ba6 14. Re1 Bf6
15. Be2 Be5 16. f4 Bf6 17. Bf3 Bxd3 18. Bxa5 Bxe4 19. Bxe4 Rxa5 20. Qd3 g6 21.
f5 Re8 22. fxg6 fxg6 23. Bxg6 Ra7 24. Rxe8+ Qxe8 25. Bxe8 1-0

[Event "Tournoi Skype 012A"]
[Site "Skype"]
[Date "????.??.??"]
[Round "2.1"]
[White "Murgia, Stefano"]
[Black "Mahapatra, Durgaprasad"]
[Result "0-1"]
[WhiteElo "1714"]
[BlackElo "2100"]
[PlyCount "54"]

1. e4 c5 2. Nf3 e6 3. d4 cxd4 4. Nxd4 a6 5. Bd3 Qc7 6. Nc3 Bd6 7. Qe2 Nc6 8.
Nxc6 bxc6 9. Be3 Bf4 10. Bxf4 Qxf4 11. O-O h5 12. Rad1 Rb8 13. b3 Nf6 14. g3
Qe5 15. Qe1 h4 16. Ne2 Nxe4 17. Nf4 Ng5 18. Qxe5 Nf3+ 19. Kg2 Nxe5 20. Be2 c5
21. Rd6 c4 22. Rfd1 g5 23. Nh5 Bb7+ 24. Kg1 Nf3+ 25. Bxf3 Bxf3 26. Nf6+ Ke7 27.
Nxd7 Bxd1 0-1

[Event "Tournoi Skype 012A"]
[Site "Skype"]
[Date "????.??.??"]
[Round "2.2"]
[White "Ayotte, Jocelyn"]
[Black "Parmar, Manoj"]
[Result "1-0"]
[WhiteElo "2037"]
[BlackElo "1689"]
[PlyCount "54"]

1. d4 d5 2. c4 c6 3. Nc3 Nf6 4. Nf3 e6 5. e3 Be7 6. Bd3 dxc4 7. Bxc4 b5 8. Bb3
Nbd7 9. O-O O-O 10. Qe2 Bb7 11. Rd1 a6 12. e4 Nb6 13. h3 Rc8 14. Ng5 Kh8 15. e5
Nfd5 16. Qh5 Bxg5 17. Bxg5 Qe8 18. Qh4 f5 19. exf6 gxf6 20. Bh6 Rg8 21. Nxd5
Rxg2+ 22. Kxg2 Qg6+ 23. Kh2 Nxd5 24. Rg1 Qf7 25. Bxd5 cxd5 26. Rg7 Qxg7 27.
Bxg7+ Kxg7 1-0

[Event "Tournoi Skype 012A"]
[Site "Skype"]
[Date "????.??.??"]
[Round "2.3"]
[White "Lambert, Pierre"]
[Black "Casey, Eamonn"]
[Result "1-0"]
[WhiteElo "1938"]
[BlackElo "1654"]
[PlyCount "69"]

1. e4 e6 2. d4 d5 3. e5 c5 4. c3 Nc6 5. Nf3 Nge7 6. Bd3 cxd4 7. cxd4 Bd7 8. a3
Qb6 9. Bc2 Nf5 10. Bxf5 exf5 11. Nc3 Be6 12. O-O Be7 13. b4 a6 14. Be3 O-O 15.
Qd3 Rac8 16. Na4 Qd8 17. Nc5 Bxc5 18. bxc5 Na5 19. Rab1 Qd7 20. Nd2 Nc6 21. Rb6
Rc7 22. Bf4 Rd8 23. Nb3 Qe7 24. Qg3 Qe8 25. Bg5 Rdd7 26. Bf6 Qf8 27. Bg5 Rc8
28. h4 Kh8 29. Rb1 h6 30. Bd2 Qe7 31. Qf4 Rb8 32. Nc1 Rc7 33. Ne2 f6 34. exf6
Qxf6 35. Qxc7 1-0

[Event "Tournoi Skype 012A"]
[Site "Skype"]
[Date "????.??.??"]
[Round "2.5"]
[White "Torres Renjifo, Saulo De Jesus"]
[Black "Janssen, Gerard"]
[Result "1-0"]
[WhiteElo "1897"]
[BlackElo "1652"]
[PlyCount "61"]

1. e4 e5 2. Nf3 d6 3. Bc4 Nc6 4. c3 Be7 5. Qb3 Nh6 6. d4 O-O 7. Bxh6 gxh6 8.
O-O Na5 9. Qa4 Nxc4 10. Qxc4 Be6 11. Qe2 Bg4 12. dxe5 dxe5 13. h3 Bxf3 14. Qxf3
Qd6 15. Rd1 Qb6 16. Na3 Qxb2 17. Qg3+ Bg5 18. Nc4 Qb5 19. Nxe5 f6 20. Nf3 Qc6
21. h4 Qxe4 22. Rd7 Rf7 23. Rxf7 Kxf7 24. hxg5 hxg5 25. Re1 Qc4 26. Nxg5+ fxg5
27. Qxg5 Qxc3 28. Re7+ Kf8 29. Rxh7 Re8 30. Qf4+ Kg8 31. Qf7# 1-0

[Event "Tournoi Skype 012A"]
[Site "Skype"]
[Date "????.??.??"]
[Round "2.6"]
[White "Kumar Pradhan, Soundarya"]
[Black "Hilton, Stephen"]
[Result "0-1"]
[WhiteElo "1682"]
[BlackElo "1892"]
[PlyCount "88"]

1. d4 Nf6 2. c4 g6 3. Nc3 d5 4. cxd5 Nxd5 5. e4 Nxc3 6. bxc3 Bg7 7. Be3 c5 8.
Bb5+ Bd7 9. Bxd7+ Nxd7 10. Ne2 Qa5 11. O-O O-O 12. Qb3 Qa6 13. Ng3 cxd4 14.
cxd4 Rfd8 15. Rab1 b6 16. d5 Rac8 17. Rfc1 Ne5 18. Bd4 Rxc1+ 19. Rxc1 Nd3 20.
Rd1 Bxd4 21. Rxd3 Be5 22. Ne2 e6 23. f4 Bg7 24. d6 e5 25. Qd5 exf4 26. Nxf4 Qc8
27. Ne2 Qg4 28. Nc3 Qf4 29. Rf3 Qc1+ 30. Nd1 Rd7 31. e5 Bxe5 32. Rd3 Rxd6 33.
Qa8+ Kg7 34. Qe4 Qc5+ 35. Kf1 Rf6+ 36. Ke2 Qc2+ 37. Ke1 Bc3+ 38. Nxc3 Re6 39.
Qxe6 fxe6 40. Rg3 e5 41. Kf1 e4 42. Re3 Qd2 43. Rg3 e3 44. Rh3 Qf2# 0-1

[Event "Tournoi Skype 012A"]
[Site "Skype"]
[Date "????.??.??"]
[Round "2.7"]
[White "Plourde, Alain"]
[Black "De Leener, Luc"]
[Result "1-0"]
[WhiteElo "1876"]
[BlackElo "1637"]
[PlyCount "99"]

1. d4 e5 2. dxe5 Nc6 3. Nf3 Qe7 4. Nc3 g6 5. Bg5 f6 6. exf6 Nxf6 7. e3 Bg7 8.
Nd5 Qd8 9. c3 O-O 10. Bc4 Kh8 11. O-O Na5 12. Ne5 Nxc4 13. Nxc4 c6 14. Nxf6
Bxf6 15. Bxf6+ Qxf6 16. Qd4 Qxd4 17. exd4 d5 18. Nd6 Bg4 19. f3 Bf5 20. Nxf5
Rxf5 21. Rfe1 Rf7 22. Re5 Raf8 23. Rae1 Kg7 24. Re7 h6 25. Kf2 g5 26. h3 h5 27.
g3 g4 28. hxg4 hxg4 29. f4 Rxe7 30. Rxe7+ Rf7 31. Rxf7+ Kxf7 32. Ke3 Kf6 33. a4
b6 34. Kd3 Kf5 35. c4 dxc4+ 36. Kxc4 Ke4 37. b4 a6 38. a5 b5+ 39. Kc5 Kf3 40.
f5 Kxg3 41. f6 Kh2 42. f7 g3 43. f8=Q g2 44. Qh6+ Kg3 45. Qg6+ Kf2 46. Qxg2+
Kxg2 47. Kxc6 Kf3 48. d5 Ke4 49. d6 Ke5 50. d7 1-0

[Event "Tournoi Skype 012A"]
[Site "Skype"]
[Date "????.??.??"]
[Round "2.8"]
[White "Salazar Ticeran, Antonio"]
[Black "Legueltel, Daniel"]
[Result "1-0"]
[WhiteElo "1841"]
[BlackElo "1653"]
[PlyCount "61"]

1. e4 e5 2. Bc4 Nf6 3. d3 Be7 4. Nc3 Nc6 5. Nf3 d6 6. h3 Na5 7. Bg5 Nxc4 8.
dxc4 Be6 9. Bxf6 Bxf6 10. Nd5 Be7 11. g4 c6 12. Ne3 Qc7 13. Qe2 O-O-O 14. Rd1
Qa5+ 15. c3 Qxa2 16. O-O Qb3 17. Ra1 a6 18. Ra3 Qb6 19. b4 h5 20. Nf5 Bxf5 21.
gxf5 g6 22. b5 axb5 23. cxb5 cxb5 24. Rb1 Kd7 25. Rxb5 Qc7 26. Ra7 Rb8 27. Qd3
Kc8 28. Ra4 Qd7 29. Nxe5 Qe8 30. Qc4+ Kd8 31. Nxf7+ 1-0

[Event "Tournoi Skype 012A"]
[Site "Skype"]
[Date "????.??.??"]
[Round "2.9"]
[White "Mishra, Om"]
[Black "Jacquelin, Norbert"]
[Result "1-0"]
[WhiteElo "1560"]
[BlackElo "1807"]
[PlyCount "87"]

1. e4 e5 2. Nf3 Nf6 3. Nc3 Nc6 4. Bc4 Nxe4 5. Nxe4 d5 6. Bxd5 Qxd5 7. Nc3 Qd8
8. O-O Be7 9. h3 O-O 10. Re1 Bf6 11. d3 Bf5 12. Be3 Qd7 13. Ne4 Bxe4 14. dxe4
Qe7 15. c3 Rad8 16. Qc2 b6 17. Rad1 a5 18. Rxd8 Rxd8 19. Rd1 h6 20. Nh2 Nb8 21.
Nf1 Nd7 22. Ng3 Nf8 23. Nf5 Rxd1+ 24. Qxd1 Qd8 25. Qxd8 Bxd8 26. Kf1 Kh7 27.
Ke2 Ng6 28. Kd3 Nf8 29. Kc4 Ne6 30. b4 axb4 31. cxb4 Kg8 32. a4 c6 33. Nd6 Kf8
34. Nc8 Ke8 35. Nxb6 Nd4 36. Bxd4 exd4 37. a5 d3 38. Kxd3 Bxb6 39. axb6 Kd7 40.
Kc4 Kc8 41. Kc5 Kb7 42. b5 cxb5 43. Kxb5 f6 44. f4 1-0